00359nam a2200109Ia 4500008004100000082000800041100001500049245006700064942000600131952009700137999001500234240331s9999 xx 000 0 und d bLEA aLeary, V.L 3aAn introductory guide to human rights law and humanitarian law cL 001040708LaWERCLbWERCLcSSCd2024-03-31l0o 323.4 LEAp2209r2024-03-31w2024-03-31yL c2494d2494